| 000 | 00411nam a2200169Ia 4500 | ||
|---|---|---|---|
| 008 | 170705s9999 xx 000 0 und d | ||
| 020 | _a590226509 | ||
| 245 | _aToo many tamales / | ||
| 245 | _cby Gary Soto ; illustrated by Ed Martinez. | ||
| 260 | _aNew York : | ||
| 260 | _bScholastic, | ||
| 260 | _c1993 | ||
| 300 | _aunpaged : | ||
| 300 | _bcolor illustration ; | ||
| 300 | _c28cm. | ||
| 500 | _a670 | ||
| 999 |
_c336113 _d336113 |
||